[Event "ESP-ch U18"]
[Site "Salobrena"]
[Date "2021.07.26"]
[Round "1"]
[White "Casares Garcia, Angel"]
[Black "Atipov Hadzhiev, Cristian"]
[Result "0-1"]
[WhiteElo "1753"]
[BlackElo "2150"]
[PlyCount "78"]
[EventDate "2021.07.26"]
[EventType "swiss"]
[EventRounds "9"]
[EventCountry "ESP"]
[SourceTitle "CBM 203 Extra"]
[Source "ChessBase"]
[SourceDate "2021.09.30"]
[SourceVersion "1"]
[SourceVersionDate "2021.09.30"]
[SourceQuality "1"]

1. e4 c5 2. Nc3 Nc6 3. g3 Nf6 4. Bg2 e6 5. Nge2 d5 6. d3 d4 7. Nb1 e5 8. 0-0 h5 9. Bg5 Be7 10. Nd2 Ng4 11. Bxe7 Qxe7 12. h3 Nf6 13. f4 h4 14. g4 exf4 15. Nxf4 Ne5 16. Nd5 Qd6 17. Nc4 Nxc4 18. dxc4 Nxd5 19. cxd5 Qe5 20. Qd3 Bd7 21. c3 dxc3 22. bxc3 b5 23. Rac1 0-0 24. Rf2 a5 25. Qf3 a4 26. a3 b4 27. cxb4 cxb4 28. axb4 Qd4 29. Qc3 Qa7 30. Qf3 a3 31. Ra1 Bb5 32. Bf1 Bxf1 33. Kxf1 Rfc8 34. Rfa2 Qd4 35. Rd1 Qxb4 36. d6 Rc3 37. Qf5 Qc4+ 38. Re2 Rxh3 39. Rde1 Qd3 0-1